00510nam a2200145 a 4500008004100000020002200041245011100063260005700174300002900231440003700260700004000297003000100337005001700338040000900355  a9201005016 (pbk.)10aGeneric models for use in assessing the impact of discharges of radioactive substances to the environment. aVienna :bInternational Atomic Energy Agency,c2001. a216 p. :bill. ;c25 cm. aSafety reports series ;vno. 19. aInternational Atomic Energy Agency.20230123134002.0 cNUST